000 02229cam a2200337Ia 4500
001 6171430
005 20220326193325.0
008 070413s2007 nyua 000 0 eng d
020 _a9780870707117
020 _a0870707116 (pbk)
035 _a(OCoLC)ocn123085090
035 _a(OCoLC)123085090
035 _a(NNC)6171430
040 _aZMC
_cZMC
_dBAKER
_dOrLoB-B
082 _a759.987
_bE377a
090 _aND439.R484
_bA76 2007
100 1 _aElderfield, John.
_92831
245 1 0 _aArmando Reverón /
_cJohn Elderfield, Luis Pérez-Oramas and Nora Lawrence.
260 _aNew York:
_bMuseum of Modern Art;
_aLondon:
_bThames & Hudson [distributor],
_c©2007
300 _a240 p.:
_bill (some col.);
_c26 cm.
505 0 0 _tThe natural history of Armando Reveron /
_rJohn Elderfield --
_tArmando Reveron and modern art in Latin America /
_rLuis Perez-Oramas --
_tCatalogue /
_rNora Lawrence --
_tEarly works --
_tEarly landscapes --
_tPortraits of the 1930s --
_tLandscapes of the 1940s --
_tFigural works of the 1940s --
_tSelf-portraits --
_tDolls and objects --
_tEl Castillete --
_tAutobiographical statement --
_tInterview with Reveron.
520 1 _a"This volume celebrates the work of the Venezuelan artist Armando Reveron (1889-1954). This very first publication on Reveron in English accompanies an exhibition at The Museum of Modern Art in early 2007. John Elderfield gives a newly comprehensive account of the artist's development in the context of modern art, while Luis Perez-Oramas places Reveron in relation to Latin American art. More than 100 works - paintings, drawings, and objects - are illustrated in the catalogue, which includes introductory texts by Nora Lawrence. An autobiographical statement by Reveron and an interview with him, a bibliographical note, and an index conclude the publication."--BOOK JACKET.
600 1 0 _aReverón, Armando,
_d1889-1954
_xCriticism and interpretation.
_92832
600 1 0 _aReverón, Armando,
_d1889-1954
_vExhibitions.
_92833
650 0 _aPainting, Venezuelan
_vExhibitions.
_92834
700 1 _aPérez Oramas, Luis,
_d1960-
_92835
700 1 _aReverón, Armando,
_d1889-1954.
_92836
700 1 _aLawrence, Nora.
_92837
900 _bTOC
948 1 _a20070503
_bc
_crhg9
_dSCMC
999 _c631
_d631